000 00293nam a22001337a 4500
008 180215b xxu||||| |||| 00| 0 eng d
020 _a9781603891189
041 _aeng
080 _a37
100 _a47
101 _aEDU
245 _aReading analyzing nonfiction
_cSlant,
942 _2udc
_cBK
999 _c42691
_d42691